Essays on truth and reality / (Record no. 28322)
[ view plain ]
| 000 -LEADER | |
|---|---|
| fixed length control field | 00979nam a22002771 4500 |
| 001 - CONTROL NUMBER | |
| control field | 28322 |
| 003 - CONTROL NUMBER IDENTIFIER | |
| rucl marc code | BD-RjUL |
| 005 - DATE AND TIME OF LATEST TRANSACTION | |
| control field | 20211209051251.0 |
| 008 - FIXED-LENGTH DATA ELEMENTS--GENERAL INFORMATION | |
| fixed length control field | 140330r19621914enk 001 0 engs |
| 035 ## - SYSTEM CONTROL NUMBER | |
| System control number | (BD-RjUL)28403 |
| System control number | (OCoLC)3084704 |
| 040 ## - CATALOGING SOURCE | |
| Original cataloging agency | DLC |
| Transcribing agency | UU |
| Modifying agency | BD-RjUL |
| Language of cataloging | eng |
| 041 ## - LANGUAGE CODE | |
| Language code of text/sound track or separate title | eng |
| 082 04 - DEWEY DECIMAL CLASSIFICATION NUMBER | |
| Edition number | 19 |
| Classification number | 121 |
| Author mark and year | BRE 1962 |
| 100 1# - MAIN ENTRY--PERSONAL NAME | |
| Personal name | Bradley, F. H. |
| Fuller form of name | (Francis Herbert), |
| Dates associated with a name | 1846-1924. |
| 9 (RLIN) | 3414 |
| 245 10 - TITLE STATEMENT | |
| Title | Essays on truth and reality / |
| Statement of responsibility, etc. | F.H. Bradley. |
| 260 ## - PUBLICATION, DISTRIBUTION, ETC. (IMPRINT) | |
| Place of publication, distribution, etc. | Oxford : |
| Name of publisher, distributor, etc. | Clarendon press, |
| Date of publication, distribution, etc. | 1914 [reprinted 1962]. |
| 300 ## - PHYSICAL DESCRIPTION | |
| Pagination | xvi, 480 p. ; |
| Size | 24 cm. |
| 500 ## - GENERAL NOTE | |
| General note | "The present volume consists mainly of articles which have appeared in Mind. I have added a paper first printed in the Philosophical review, and there are also some essays which have not before been published."--Pref. |
| 504 ## - BIBLIOGRAPHY, ETC. NOTE | |
| Bibliography, etc | Includes index. |
| 650 #0 - SUBJECT ADDED ENTRY--TOPICAL TERM | |
| Topical term or geographic name as entry element | Truth. |
| 9 (RLIN) | 86743 |
| Topical term or geographic name as entry element | Reality. |
| 9 (RLIN) | 86744 |
| 942 ## - ADDED ENTRY ELEMENTS (KOHA) | |
| Source of classification or shelving scheme | Dewey Decimal Classification |
| Koha item type | Books |
| Lost status | Source of classification or shelving scheme | Damaged status | Not for loan | Collection code | Permanent Location | Current Location | Shelving location | Date acquired | Source of acquisition | Cost, normal purchase price | Total Checkouts | Full call number | Date last seen | Copy number | Koha item type | Date checked out |
|---|---|---|---|---|---|---|---|---|---|---|---|---|---|---|---|---|
| Dewey Decimal Classification | Non-fiction | Central Library, University of Rajshahi | Central Library, University of Rajshahi | 02/05/1964 | Zetlinger | 28.00 | 121 BRE 1962 | 30/03/2014 | C-2 | Books | ||||||
| Dewey Decimal Classification | Non-fiction | Central Library, University of Rajshahi | Central Library, University of Rajshahi | 02/05/1964 | Zetlinger | 28.00 | 121 BRE 1962 | 30/03/2014 | C-3 | Books | ||||||
| Dewey Decimal Classification | Added to bundle | Non-fiction | Central Library, University of Rajshahi | Central Library, University of Rajshahi | Reading Room | 06/08/1955 | Oxford University Press | 9.00 | 121 BRE 1950 | 30/03/2014 | C-1 | Books | ||||
| Dewey Decimal Classification | Non-fiction | Central Library, University of Rajshahi | Central Library, University of Rajshahi | 02/05/1964 | Zetlinger | 28.00 | 121 BRE 1962 | 30/03/2014 | C-4 | Books | ||||||
| Dewey Decimal Classification | Non-fiction | Central Library, University of Rajshahi | Central Library, University of Rajshahi | 02/05/1964 | Zetlinger | 28.00 | 121 BRE 1962 | 30/03/2014 | C-5 | Books | ||||||
| Dewey Decimal Classification | Non-fiction | Central Library, University of Rajshahi | Central Library, University of Rajshahi | 02/05/1965 | Zetlinger | 28.00 | 3 | 121 BRE 1962 | 27/12/2017 | C-6 | Books | 21/11/2017 | ||||
| Dewey Decimal Classification | Non-fiction | Central Library, University of Rajshahi | Central Library, University of Rajshahi | 25/01/1965 | Zetlinger | 28.00 | 121 BRE 1962 | 30/03/2014 | C-7 | Books | ||||||
| Dewey Decimal Classification | Non-fiction | Central Library, University of Rajshahi | Central Library, University of Rajshahi | 02/02/1956 | A. B. C. | 14.10 | 121 BRE 1950 | 30/03/2014 | C-8 | Books |